| 000 | 00554nam a22002057a 4500 | ||
|---|---|---|---|
| 003 | koha_MIRAKIL | ||
| 005 | 20231213095928.0 | ||
| 008 | 231213b |||||||| |||| 00| 0 ||| d | ||
| 020 | _b978-9-75824310-5 | ||
| 040 |
_aTR-IsEVY _btur _cTR-IsEVY |
||
| 082 | _a658.409 CAS/B | ||
| 100 | _aCasson, Herbert N. | ||
| 245 | 0 | _aBaşarılı iş adamı ve modern iş metodları | |
| 250 | _a2. bs. | ||
| 260 |
_bHayat Yayıncılık, _c1998 |
||
| 300 | _a127 s. | ||
| 650 | _aBaşarı -- Psikolojik yönler. | ||
| 650 | _aBusinessmen. | ||
| 942 |
_2ddc _cBK |
||
| 999 |
_c11733 _d11733 |
||